|
|
|
|
| LEADER |
00903nam a2200277 a 4500 |
| 001 |
GR-Patra11292 |
| 003 |
GR-PaULI |
| 008 |
991022s wau 000 b eng d |
| 022 |
|
|
|a 0882-7974
|
| 040 |
|
|
|a GrPaTEI
|b gre
|c GR-PaULI
|
| 082 |
|
0 |
|a 150
|
| 082 |
|
0 |
|a 155.67
|
| 245 |
0 |
0 |
|a Psychology and aging
|n Quarterly.
|
| 260 |
|
|
|a Washington :
|b American Psychological Association
|
| 650 |
|
0 |
|a Psychology
|
| 650 |
|
4 |
|a Εξελικτική ψυχολογία
|
| 650 |
|
4 |
|a ΠΕΡΙΟΔΙΚΑ
|
| 650 |
|
4 |
|a Ψυχολογία
|
| 710 |
0 |
|
|a American Psychological Association
|
| 710 |
2 |
|
|a American Psychological Association
|
| 907 |
|
|
|a .b26588079
|b 01-10-20
|c 23-09-16
|
| 942 |
|
|
|2 ddc
|c JNL
|s 1
|
| 952 |
|
|
|0 0
|1 0
|4 0
|7 0
|9 324945
|a LISK
|b LISK
|c SER
|d 2021-04-28
|e GrPaTEI
|l 0
|r 2021-04-28 00:00:00
|w 2021-04-28
|y JNL
|
| 970 |
|
|
|c patra11292
|
| 998 |
|
|
|a 24
|b 15-01-16
|c s
|d s
|e -
|f eng
|g xxu
|h 0
|
| 999 |
|
|
|c 182551
|d 182551
|